Southville International School and Colleges
Your cart is empty.
  • Cart
  • Lists
    Public lists Eva Luna New books Lux_list list_1
    Your lists Log in to create your own lists
  • Log in to your account
  • Your cookies
  • Search history
Southville International School and Colleges
  • Advanced search
  • Recent comments
  • Most popular
  • Libraries

Log in to your account

Log in with GOOGLE


If you do not have an external account, but do have a local account, you can still log in:

  1. Home
  2. MARC view: A student's guide to 50 American novels /
Normal view MARC view ISBD view

A student's guide to 50 American novels / (Record no. 9263)

[ view plain ]
MARC details
000 -LEADER
fixed length control field 00776cam a22002531 4500
001 - CONTROL NUMBER
control field 8937459
003 - CONTROL NUMBER IDENTIFIER
control field OSt
005 - DATE AND TIME OF LATEST TRANSACTION
control field 20140310182105.0
008 - FIXED-LENGTH DATA ELEMENTS--GENERAL INFORMATION
fixed length control field 740626s1966 nyu b 000 0 eng
010 ## - LIBRARY OF CONGRESS CONTROL NUMBER
LC control number 66003316
035 ## - SYSTEM CONTROL NUMBER
System control number (OCoLC)930208
040 ## - CATALOGING SOURCE
Original cataloging agency DLC
Transcribing agency ABM
Modifying agency OCoLC
-- DLC
042 ## - AUTHENTICATION CODE
Authentication code premarc
050 00 - LIBRARY OF CONGRESS CALL NUMBER
Classification number PS 373
Item number .St933 1966
082 ## - DEWEY DECIMAL CLASSIFICATION NUMBER
Classification number HS 813
Item number L33 1966
100 1# - MAIN ENTRY--PERSONAL NAME
Personal name Lass, Abraham H.
Fuller form of name (Abraham Harold),
Dates associated with a name 1907-2001.
9 (RLIN) 13005
245 12 - TITLE STATEMENT
Title A student's guide to 50 American novels /
Statement of responsibility, etc edited by Abraham H. Lass.
260 ## - PUBLICATION, DISTRIBUTION, ETC. (IMPRINT)
Place of publication, distribution, etc New York
Name of publisher, distributor, etc Washington Square Press
Date of publication, distribution, etc c1966.
300 ## - PHYSICAL DESCRIPTION
Extent 364 p. :
Dimensions 18 cm.
650 #0 - SUBJECT ADDED ENTRY--TOPICAL TERM
Topical term or geographic name as entry element American fiction
General subdivision History and criticism.
9 (RLIN) 13006
906 ## - LOCAL DATA ELEMENT F, LDF (RLIN)
a 7
b cbc
c oclcrpl
d u
e ncip
f 19
g y-gencatlg
942 ## - ADDED ENTRY ELEMENTS (KOHA)
Source of classification or shelving scheme Library of Congress Classification
Koha item type
Holdings
Withdrawn status Lost status Source of classification or shelving scheme Damaged status Home library Current library Shelving location Date acquired Total Checkouts Full call number Barcode Date last seen Copy number Price effective from Koha item type
    Library of Congress Classification   Luxembourg Library Luxembourg Library High School Section 08/24/2013   PS 373 .St933 1966 7094 08/24/2013 1 08/24/2013 Books

A student's guide to 50 American novels /

APA

Lass A. H., . (1966). A student's guide to 50 American novels. New York: Washington Square Press.

Chicago

Lass Abraham H, . 1966. A student's guide to 50 American novels. New York: Washington Square Press.

Harvard

Lass A. H., . (1966). A student's guide to 50 American novels. New York: Washington Square Press.

MLA

Lass Abraham H, . A student's guide to 50 American novels. New York: Washington Square Press. 1966.

  • Place hold
  • Print
  • Cite
  • Add to your cart (remove)
  • Save record
    BIBTEX Dublin Core MARCXML MARC (non-Unicode/MARC-8) MARC (Unicode/UTF-8) MARC (Unicode/UTF-8, Standard) MODS (XML) RIS
  • More searches
    Search for this title in:
    Other Libraries (WorldCat) Other Databases (Google Scholar) Online Stores (Bookfinder.com) Open Library (openlibrary.org)

Exporting to Dublin Core...

SOUTHVILLE LIBRARY

Southville International School and Colleges Library

1281 Tropical Ave. Cor. Luxembourg St., BF Homes International, Las Pinas City

Tel. No. 8256374 / 252358 Loc. 117/146

Powered by Koha